The business of managing emotions: (Record no. 159371)

MARC details
000 -LEADER
fixed length control field 00750nam a22002057a 4500
005 - DATE AND TIME OF LATEST TRANSACTION
control field 20181215124738.0
010 ## - LCCN (DPL NO)
LC control number ENG-124540
020 ## - INTERNATIONAL STANDARD BOOK NUMBER
Terms of availability 425.00
International Standard Book Number 9789352807987
035 ## - SYSTEM CONTROL NUMBER
System control number EN-108072
037 ## - SOURCE OF ACQUISITION
Source of stock number/acquisition DBAD/PUB.
082 ## - DEWEY DECIMAL CLASSIFICATION NUMBER
Classification number 650.1019
100 ## - MAIN ENTRY--PERSONAL NAME
Personal name Gokhale Joshi, Manjiri
245 ## - TITLE STATEMENT
Title The business of managing emotions:
Statement of responsibility, etc by Manjiri Gokhale Joshi [and] Manjeet Singh
Remainder of title a three-dimensional approach /
260 ## - PUBLICATION, DISTRIBUTION, ETC. (IMPRINT)
Place of publication, distribution, etc New Delhi
Name of publisher, distributor, etc Sage Publications India Pvt. Ltd.
Date of publication, distribution, etc 2018
270 ## - ADDRESS
Address B1/I-1, Mohan Cooperative Industrial Area Mathura Road Post Bag 7
City New Delhi
Postal code 110044
300 ## - PHYSICAL DESCRIPTION
Extent xx,229p.
Dimensions 21cm.(pbk)
Other physical details ill.picture
500 ## - GENERAL NOTE
General note It includes about the author
700 ## - ADDED ENTRY--PERSONAL NAME
Personal name Manjeet Singh
942 ## - ADDED ENTRY ELEMENTS (KOHA)
Source of classification or shelving scheme Dewey Decimal Classification
Item type English Books
Call number suffix GOK
Classification part 650.1019
Holdings
Withdrawn status Lost status Not for loan Collection code Home library Current library Date acquired Source of acquisition Cost, normal purchase price Full call number Barcode Copy number Cost, replacement price Koha item type
    Not For Loan Non-fiction D.B.Act.Division Bawana 15/12/2018 DBAD/PUB 425.00 650.1019 GOK EN-108072 1 425.00 English Books

© Delhi Public Library
Hit Counter
free hit counter